| 000 | 00538nam a2200145Ia 4500 | ||
|---|---|---|---|
| 008 | 100204s9999 xx 000 0 und d | ||
| 082 | _b24676 | ||
| 100 | _aघाणेकर मधुसूदन | ||
| 245 | _aअक्षर सांगते स्वभाव | ||
| 260 |
_b"इंद्र्रायणी साहित्य , पुणे" _c1997 |
||
| 300 | _a68 | ||
| 630 | _aअक्षर सांगते स्वभाव | ||
| 730 | _aअक्षर सांगते स्वभाव | ||
| 942 | _cBOOK | ||
| 999 |
_c469857 _d469854 |
||